Statistics for HARRY POTTER COMMON KNOWLEDGE

Click here to take the quiz!

General Stats

  • This quiz has been taken 225 times
    (219 since last reset)
  • The average score is 12 of 17

Answer Stats

ClueAnswer% Correct
What are Slytherin's colors?Green
96%
What are Griffindor's colors?Red
96%
Harry buys a wand at who's shop?Ollivander's
90%
Who is the Durmstrang contestant for the Triwizard Tournament?Viktor Krum
85%
Bellatrix Lestrange uses a curse on the Longbottoms. Which curse?Crucio
82%
What are Gryffindor's colors?Gold
81%
What are Slytherin's colors?Silver
79%
Who saves Harry's life in the 7th book when Voldemort asks if Harry is alive?Narcissa Malfoy
72%
Who is the Ravenclaw ghost?Helena Ravenclaw
69%
Who is Albus Potter's best friend in the Cursed Child?Scorpius Malfoy
63%
What does Dumbledore leave Harry in his will?Golden Snitch
60%
What is the spell that Proffesor Lockhart tried to use on Harry, Ron and Hermione in the Chamber of Secrets?Memory Charm
59%
Who does Hermione go to Slughorn's Party with?Cormac McLaggen
58%
Who dies in a duel between Grindelwald, Albus Dumbledore, and Aberforth Dumbledore?Ariana Dumbledore
55%
Who is Colin Creevey's younger sibling?Dennis Creevey
55%
Who tells Harry about above?Dumbledore
53%
Where do the Longbottoms go after above?St. Mungo's
52%

Score Distribution

Percentile by Number Answered

Percent of People with Each Score

Your Score History

You have not taken this quiz since the last reset